<?xml version="1.0" encoding="UTF-8"?>
<record
    xmlns:xsi="http://www.w3.org/2001/XMLSchema-instance"
    xsi:schemaLocation="http://www.loc.gov/MARC21/slim http://www.loc.gov/standards/marcxml/schema/MARC21slim.xsd"
    xmlns="http://www.loc.gov/MARC21/slim">

  <leader>02820nam a22003497a 4500</leader>
  <controlfield tag="003">OSt</controlfield>
  <controlfield tag="005">20220811202237.0</controlfield>
  <controlfield tag="008">220811b           ||||| |||| 00| 0 eng d</controlfield>
  <datafield tag="040" ind1=" " ind2=" ">
    <subfield code="a">CvSU-CCAT Campus Library.</subfield>
    <subfield code="b">English.</subfield>
    <subfield code="c">CvSU-CCAT Campus Library.</subfield>
    <subfield code="e">rda.</subfield>
  </datafield>
  <datafield tag="050" ind1=" " ind2=" ">
    <subfield code="a">UM TJ1185</subfield>
    <subfield code="b">D59 2018</subfield>
  </datafield>
  <datafield tag="100" ind1=" " ind2=" ">
    <subfield code="a">Dizon, Jaffzel B., Author.</subfield>
    <subfield code="9">6244</subfield>
  </datafield>
  <datafield tag="245" ind1=" " ind2=" ">
    <subfield code="a">Development of Grinder Cut Off Saw with Cooling System / </subfield>
    <subfield code="c">Jaffzel B. Dizon, Danilo C. Larios, and Aldrex C. Granadil.</subfield>
  </datafield>
  <datafield tag="260" ind1=" " ind2=" ">
    <subfield code="a">Rosario, Cavite :</subfield>
    <subfield code="b">Cavite State University-CCAT Campus,</subfield>
    <subfield code="c">2018.</subfield>
  </datafield>
  <datafield tag="300" ind1=" " ind2=" ">
    <subfield code="a">xiv, 58 leaves :</subfield>
    <subfield code="b">illustrations ;</subfield>
    <subfield code="c">28 cm</subfield>
  </datafield>
  <datafield tag="500" ind1=" " ind2=" ">
    <subfield code="a">Design Project (BSIT) Major in Stationary Marine Technology--Cavite State University-CCAT Campus, 2018.</subfield>
  </datafield>
  <datafield tag="504" ind1=" " ind2=" ">
    <subfield code="a">Includes bibliographical references and appendices.</subfield>
  </datafield>
  <datafield tag="520" ind1=" " ind2=" ">
    <subfield code="a">DIZON JAFFZEL B., LARIOS DANILO C., and GRANADIL ALDREX B,. Development of Grinder Cut off Saw with Cooling System.Undergraduate Design Project Study. Bachelor of Science in Industrial Technology. Cavite State University Rosario Campus, Rosario, Cavite. March 2017. Adviser: Mr. Josefino E. Ambayec. Technical critic: Danilo G. Santiago.

The study was conducted from July 2015 to April 2017 to develop a Grinder Cut off Saw with Cooling System. Specifically, the project aimed to: 1.design a Grinder Cut off Saw with Cooling System 2. construct a Grinder Cut off Saw with Cooling System 3. evaluate the performance of the Grinder Cut off Saw with Cooling System in terms of a. speed of cutting with and without cooling system b. the temperature of cooling system 4. compute for the fixed and variable cost of the project.

Grinder Cut off Saw with Cooling System was developed to cut different sizes of ferous metals, cut off saw machine was provided with coolant to prevent the dullness of the blade immediately after many usage. It has a motor pump and water tank and the source of water to flow inside the flexible hose directly to the blade and work piece.The developed device can cut 1 mm to 51 mm size of ferrous metals. It cutferrous metal faster and conveniently without overheating the blade and the work piece. The coolant protect the blade from dullness. The total cost of the project was PHP. 40,249.14</subfield>
  </datafield>
  <datafield tag="546" ind1=" " ind2=" ">
    <subfield code="a">In English text.</subfield>
  </datafield>
  <datafield tag="650" ind1=" " ind2=" ">
    <subfield code="a">Machine-Tools</subfield>
    <subfield code="9">1998</subfield>
  </datafield>
  <datafield tag="650" ind1=" " ind2=" ">
    <subfield code="a">Cut off grinder with cooling system</subfield>
    <subfield code="9">6245</subfield>
  </datafield>
  <datafield tag="650" ind1=" " ind2=" ">
    <subfield code="a">Cut of saw machine</subfield>
    <subfield code="9">6246</subfield>
  </datafield>
  <datafield tag="650" ind1=" " ind2=" ">
    <subfield code="a">Coulant</subfield>
    <subfield code="9">6247</subfield>
  </datafield>
  <datafield tag="650" ind1=" " ind2=" ">
    <subfield code="a">Blade</subfield>
    <subfield code="9">6248</subfield>
  </datafield>
  <datafield tag="650" ind1=" " ind2=" ">
    <subfield code="a">Prototype</subfield>
    <subfield code="9">5953</subfield>
  </datafield>
  <datafield tag="650" ind1=" " ind2=" ">
    <subfield code="a">Cost analysis</subfield>
    <subfield code="9">5484</subfield>
  </datafield>
  <datafield tag="700" ind1=" " ind2=" ">
    <subfield code="a">Larios, Danilo C., Author.</subfield>
    <subfield code="9">6249</subfield>
  </datafield>
  <datafield tag="700" ind1=" " ind2=" ">
    <subfield code="a">Granadil, Aldrex C., Author.</subfield>
    <subfield code="9">6250</subfield>
  </datafield>
  <datafield tag="700" ind1=" " ind2=" ">
    <subfield code="a">Ambayec, Josefino E., Adviser.</subfield>
    <subfield code="9">5867</subfield>
  </datafield>
  <datafield tag="700" ind1=" " ind2=" ">
    <subfield code="a">Santiago, Danilo G., Technical critic.</subfield>
    <subfield code="9">6045</subfield>
  </datafield>
  <datafield tag="942" ind1=" " ind2=" ">
    <subfield code="c">T/M/D</subfield>
    <subfield code="h">TJ1185 D59 2018</subfield>
    <subfield code="k">UM</subfield>
    <subfield code="2">lcc</subfield>
  </datafield>
  <datafield tag="999" ind1=" " ind2=" ">
    <subfield code="c">1864</subfield>
    <subfield code="d">1864</subfield>
  </datafield>
  <datafield tag="952" ind1=" " ind2=" ">
    <subfield code="0">0</subfield>
    <subfield code="1">0</subfield>
    <subfield code="2">lcc</subfield>
    <subfield code="4">0</subfield>
    <subfield code="7">0</subfield>
    <subfield code="8">UM</subfield>
    <subfield code="a">CCATLIB</subfield>
    <subfield code="b">CCATLIB</subfield>
    <subfield code="c">TH</subfield>
    <subfield code="d">2022-08-11</subfield>
    <subfield code="f">UM</subfield>
    <subfield code="o">UM TJ1185 D59 2018</subfield>
    <subfield code="p">T0003585</subfield>
    <subfield code="r">2025-10-24 00:00:00</subfield>
    <subfield code="t">1 copy</subfield>
    <subfield code="w">2022-08-11</subfield>
    <subfield code="y">T/M/D</subfield>
  </datafield>
</record>
